Biblioteca

innovative approaches to counseling / Gary R. Collins (Registro nro. 36740)

Detalles MARC
000 -LÍDER
Campo fijo de descripción fija 004600000a22001810004500
020 ## - NÚMERO INTERNACIONAL NORMALIZADO PARA LIBROS
Número Internacional Normalizado del libro 0-8499-0510-9
041 0# - CÓDIGO DE IDIOMA
Código de idioma para texto/pista de sonido o título separado
082 04 - NÚMERO DE CLASIFICACIÓN DECIMAL DEWEY
Número de clasificación G 253.5 W7462c
001 - NÚMERO DE CONTROL
Campo de control 6470
100 1# - ASIENTO PRINCIPAL--NOMBRE PERSONAL
Nombre personal Collins, Gary R.
245 10 - TÍTULO
Título del Material innovative approaches to counseling / Gary R. Collins
260 ## - PUBLICACIÓN, DISTRIBUCIÓN, ETC. (PIE DE IMPRENTA)
Lugar de publicación, distribución, etc. Waco, TX., USA : Word
300 ## - DESCRIPCIÓN FÍSICA
Extensión 223 Pag
336 ## - CONTENT TYPE
Content type term texto
Content type code txt
Source rdacontent
337 ## - MEDIA TYPE
Source rdamedia
Media type term sin mediación
Media type code n
338 ## - CARRIER TYPE
Source rdacarrier
Carrier type term volumen
Carrier type code nc
942 ## - TIPO DE MATERIAL (KOHA)
Tipo de Item KOHA Libros General
Existencias
Estado de Material Estado de Perdido Volumen-Parte/Tomo Estado de Dañado No para Préstamo Colección Tomo Biblioteca de Origen Biblioteca Permanente Fecha de Adquisición Total de Préstamos Signatura Topográfica Código de Barras Última vez visto Ejemplar/Existencia Fecha de Remplazo Tipo de Material Última vez Préstado
    2     Colección General   Biblioteca FUSBC Biblioteca FUSBC 04/01/2005   G 253.5 W7462c 12822 12/12/2019 1 26/01/2016 Libros General  
    19     Colección General   Biblioteca FUSBC Biblioteca FUSBC 04/01/2005   G 253.5 W7462c 12831 12/12/2019 1 26/01/2016 Libros General  
    21     Colección General   Biblioteca FUSBC Biblioteca FUSBC 04/01/2005   G 253.5 W7462c 12830 12/12/2019 1 26/01/2016 Libros General  
    3     Colección General   Biblioteca FUSBC Biblioteca FUSBC 04/01/2005   G 253.5 W7462c 12829 13/12/2019 1 26/01/2016 Libros General  
    4     Colección General   Biblioteca FUSBC Biblioteca FUSBC 04/01/2005 1 G 253.5 W7462c 12828 07/06/2023 1 26/01/2016 Libros General 06/06/2023
    5     Colección General   Biblioteca FUSBC Biblioteca FUSBC 04/01/2005   G 253.5 W7462c 12827 31/01/2020 1 26/01/2016 Libros General  
    14     Colección General   Biblioteca FUSBC Biblioteca FUSBC 04/01/2005   G 253.5 W7462c 12826 12/12/2019 1 26/01/2016 Libros General  
    17     Colección General   Biblioteca FUSBC Biblioteca FUSBC 04/01/2005   G 253.5 W7462c 12825 12/12/2019 1 26/01/2016 Libros General  
    12     Colección General   Biblioteca FUSBC Biblioteca FUSBC 04/01/2005   G 253.5 W7462c 12824 12/12/2019 1 26/01/2016 Libros General  
    1     Colección General   Biblioteca FUSBC Biblioteca FUSBC 04/01/2005   G 253.5 W7462c 12823 12/12/2019 1 26/01/2016 Libros General  

Biblioteca FUSBC | Teléfono: (57+4) 349 88 10 Ext. 141| WhatsApp (+57) 3005338115 
E-mail: biblioteca@unisbc.edu.co | Calle 76 87-14 Robledo Palenque, Medellín, Colombia

Con tecnología Koha